000 00767nam a2200229 a 4500
001 47995
003 BD-RjUL
005 20211209054434.0
008 160811s2012 bg ||||| |||| 00| p ben d
020 _c: Tk. 125.00
035 _a(BD-RjUL) 48114
040 _aBD-RjUL
_bben
_cBD-RjUL
041 _aben
082 _223
_a891.443
_bISN 2012
100 1 _aইসলাম, মাহবুবা
_9120257
245 1 0 _aনির্জনে পাপড়ি ঝরে /
_cমাহবুবা ইসলাম
260 _aঢাকা :
_bলেখাপ্রকাশ,
_c২০১২
300 _a৬৪ পৃ. ;
_c২১ সেমি.
650 _aবাংলা উপন্যাস
_9145570
650 _aBengali Fiction
_9145571
942 _2ddc
_cBK
999 _c47995
_d47995